000 00775nam a2200253 i 4500
001 bg
100 1 _aOsiatyński, Wiktor
_d(1945- ).
245 0 _aAlkoholizm i grzech, i choroba, i ... /
_cWiktor Osiatyński.
260 _aWarszawa :
_bWydawnictwo Iskry,
_c2007.
300 _a112, [2] s. ;
_c20 cm.
504 _aNota bibliogr. s. 110-[113].
650 9 _aAlkoholizm
_xzwalczanie i zapobieganie
650 9 _aPublicystyka polska
_yod 2001 r.
655 _aPublicystyka
020 _a9788324400416
040 _cBPK
041 0 _apol
044 _aPOL
080 _a613.81
920 _a978-83-244-0041-6
942 _cKS
008 s pl f |000 0 pol
999 _c54166
_d54166
856 _uhttp://koha.tu.koszalin.pl/cgi-bin/koha/opac-detail.pl?biblionumber=54166
_yKatalog online BPK